00347nam a2200145Ia 4500008004100000020001500041041001200056082001600068100001200084245004000096260002900136300000800165650001400173700001400187221030s9999 xx 000 0 und d a8176566381 aEnglish a105.23bJai aM. Jain 0aIntroduction to Database Management bBPB PubaNew Delhic2002 a342 aComputers aV. Pillai